000 01802nam a2200397 a 4500
001 ebr10649844
003 CaPaEBR
006 m u
007 cr cn|||||||||
008 790619s1980 lau sb 001 0 eng d
010 _z 79016543
020 _z0807105996
020 _z0807124931
020 _z9780807124932
020 _z9780807153550 (e-book)
040 _aCaPaEBR
_cCaPaEBR
035 _a(OCoLC)828743031
043 _an-usu--
050 1 4 _aPS261
_b.M25 1980eb
082 0 4 _a810/.9/32
_222
100 1 _aMacKethan, Lucinda Hardwick.
245 1 4 _aThe dream of Arcady
_h[electronic resource] :
_bplace and time in Southern literature /
_cLucinda Hardwick MacKethan.
260 _aBaton Rouge :
_bLouisiana State University Press,
_cc1980.
300 _a229 p.
504 _aIncludes bibliographical references (p. 219-223) and index.
505 0 _aThe South as Arcady.--Sidney Lanier.--Thomas Nelson Page.--Joel Chandler Harris.--Charles Chesnutt.--Jean Toomer's Cane.--Agrarian quarrel, agrarian question.--Faulkner's Sons of the fathers.--To see things in their time.--The South beyond Arcady.
533 _aElectronic reproduction.
_bPalo Alto, Calif. :
_cebrary,
_d2013.
_nAvailable via World Wide Web.
_nAccess may be limited to ebrary affiliated libraries.
650 0 _aAmerican literature
_zSouthern States
_xHistory and criticism.
650 0 _aPastoral literature, American
_zSouthern States
_xHistory and criticism.
650 0 _aPlace (Philosophy) in literature.
650 0 _aArcadia in literature.
651 0 _aSouthern States
_xIn literature.
655 7 _aElectronic books.
_2local
710 2 _aebrary, Inc.
856 4 0 _uhttp://site.ebrary.com/lib/rucke/Doc?id=10649844
_zAn electronic book accessible through the World Wide Web; click to view
999 _c74570
_d74570